| 000 | 00579nam a22001817a 4500 | ||
|---|---|---|---|
| 005 | 20251108165418.0 | ||
| 008 | 250721s1983 xx 000 0 ara d | ||
| 082 | 1 | 4 | _aم/213.303/عيا |
| 100 | 1 | _aعياض، أبو الفضل عياض بن موسى | |
| 245 | 1 | 0 | _aمشارق الأنوار على صحاح الأثار / |
| 264 | 1 |
_aالدار البيضاء : _bوزارة الشؤون الإسلامية، _c1983. |
|
| 300 | _aج | ||
| 650 | 1 | 7 | _aالإسلام |
| 650 | 1 | 7 | _aالحيث الشريف |
| 650 | 1 | 7 | _aالمعاجم |
| 942 |
_2ddc _cREF |
||
| 999 |
_c27275 _d27275 |
||